<?xml version="1.0" encoding="UTF-8"?>
<record
    xmlns:xsi="http://www.w3.org/2001/XMLSchema-instance"
    xsi:schemaLocation="http://www.loc.gov/MARC21/slim http://www.loc.gov/standards/marcxml/schema/MARC21slim.xsd"
    xmlns="http://www.loc.gov/MARC21/slim">

  <leader>00706nam a22001457a 4500</leader>
  <datafield tag="999" ind1=" " ind2=" ">
    <subfield code="c">517522</subfield>
    <subfield code="d">517522</subfield>
  </datafield>
  <controlfield tag="008">210716b           ||||| |||| 00| 0 eng d</controlfield>
  <datafield tag="100" ind1=" " ind2=" ">
    <subfield code="a">jagat, Suresh Kumar</subfield>
    <subfield code="9">26742</subfield>
  </datafield>
  <datafield tag="245" ind1=" " ind2=" ">
    <subfield code="a">Analysis of stakeholder&#x2019;s approach and view for the successful implementation of mild-day meal schme in rural areas  of Dakshin Dinajpur district of West Bengal </subfield>
  </datafield>
  <datafield tag="260" ind1=" " ind2=" ">
    <subfield code="a">The Administrator: Journal of LBSNAA </subfield>
  </datafield>
  <datafield tag="300" ind1=" " ind2=" ">
    <subfield code="a"> 60(3), Dec, 2020: p.134-190</subfield>
  </datafield>
  <datafield tag="650" ind1=" " ind2=" ">
    <subfield code="a">National Programme for Nutritional Support to Primary Education, School children - Food, School children - Food - Government policy</subfield>
    <subfield code="9">26743</subfield>
  </datafield>
  <datafield tag="773" ind1=" " ind2=" ">
    <subfield code="a">The Administrator: Journal of LBSNAA</subfield>
  </datafield>
  <datafield tag="906" ind1=" " ind2=" ">
    <subfield code="a">SCHOOL CHILDREN - FOOD - INDIA</subfield>
  </datafield>
  <datafield tag="942" ind1=" " ind2=" ">
    <subfield code="c">AR</subfield>
  </datafield>
  <datafield tag="952" ind1=" " ind2=" ">
    <subfield code="0">0</subfield>
    <subfield code="1">0</subfield>
    <subfield code="2">ddc</subfield>
    <subfield code="4">0</subfield>
    <subfield code="7">0</subfield>
    <subfield code="9">391591</subfield>
    <subfield code="a">IIPA</subfield>
    <subfield code="b">IIPA</subfield>
    <subfield code="d">2021-07-16</subfield>
    <subfield code="h"> 60(3), Dec, 2020: p.134-190</subfield>
    <subfield code="p">AR124801</subfield>
    <subfield code="r">2021-07-16</subfield>
    <subfield code="y">AR</subfield>
  </datafield>
</record>
